[Event "Titled Tuesday intern op 25th Apr Late"]
[Site "Chess.com INT"]
[Date "2023.04.25"]
[Round "4"]
[White "Nunez Painchaud, Raphael"]
[Black "Srdanovic, Jovana"]
[Result "1-0"]
[WhiteElo "2087"]
[BlackElo "2065"]
[PlyCount "51"]
[EventDate "2023.04.25"]
[EventType "swiss (blitz)"]
[EventRounds "11"]
[EventCountry "USA"]
[SourceTitle "EXT 2024"]
[Source "ChessBase"]
[SourceDate "2023.10.10"]
[SourceVersion "1"]
[SourceVersionDate "2023.10.10"]
[SourceQuality "1"]

1. c4 e6 2. g3 d5 3. Bg2 Nf6 4. Nf3 d4 5. 0-0 c5 6. e3 Nc6 7. exd4 cxd4 8. Re1 Bd6 9. d3 h6 10. a3 a5 11. Nbd2 0-0 12. Qc2 e5 13. c5 Bc7 14. Nc4 Re8 15. Nfd2 Bf5 16. Rb1 Nd5 17. Ne4 Bxe4 18. Bxe4 Nf6 19. Bg2 a4 20. b4 axb3 21. Rxb3 Rb8 22. Rxb7 Na5 23. Rxb8 Qxb8 24. Bd2 Nxc4 25. Qxc4 Qb2 26. Bb4 1-0

[Event "Titled Tuesday intern op 28th Mar Late"]
[Site "Chess.com INT"]
[Date "2023.03.28"]
[Round "9"]
[White "Negron Lizarazo, Juan Sebastian"]
[Black "Nunez Painchaud, Raphael"]
[Result "0-1"]
[WhiteElo "1589"]
[BlackElo "2087"]
[PlyCount "82"]
[EventDate "2023.03.28"]
[EventType "swiss (blitz)"]
[EventRounds "11"]
[EventCountry "USA"]
[SourceTitle "EXT 2024"]
[Source "ChessBase"]
[SourceDate "2023.10.10"]
[SourceVersion "1"]
[SourceVersionDate "2023.10.10"]
[SourceQuality "1"]

1. d4 Nf6 2. c4 e6 3. Nf3 d5 4. Nc3 Be7 5. Bf4 0-0 6. e3 a6 7. c5 Nc6 8. a3 Nh5 9. Bd3 a5 10. Ne5 Nxf4 11. exf4 Nxd4 12. Bxh7+ Kxh7 13. Qxd4 Kg8 14. 0-0 b6 15. b4 Ba6 16. Nc6 Qe8 17. Nxe7+ Qxe7 18. b5 bxc5 19. Qe5 Bb7 20. a4 Qd6 21. Qg5 d4 22. Ne2 c6 23. Ng3 f6 24. Qg6 cxb5 25. Nh5 Rf7 26. axb5 Qd5 27. Rfe1 c4 28. Rad1 d3 29. Re3 Qf5 30. Qxf5 exf5 31. Ng3 g6 32. Nf1 Rd7 33. Nd2 c3 34. Nb3 a4 35. Nc5 c2 36. Rf1 d2 37. Nxd7 d1Q 38. Nxf6+ Kf7 39. Ree1 Rd8 40. Nh7 c1Q 41. Ng5+ Kg8 0-1

[Event "Titled Tuesday intern op 28th Mar Late"]
[Site "Chess.com INT"]
[Date "2023.03.28"]
[Round "3"]
[White "Nunez Painchaud, Raphael"]
[Black "Adel, Sara"]
[Result "0-1"]
[WhiteElo "2087"]
[BlackElo "1759"]
[PlyCount "62"]
[EventDate "2023.03.28"]
[EventType "swiss (blitz)"]
[EventRounds "11"]
[EventCountry "USA"]
[SourceTitle "EXT 2024"]
[Source "ChessBase"]
[SourceDate "2023.10.10"]
[SourceVersion "1"]
[SourceVersionDate "2023.10.10"]
[SourceQuality "1"]

1. d4 Nf6 2. Nf3 g6 3. c4 Bg7 4. Nc3 0-0 5. e4 d6 6. Be2 Nc6 7. 0-0 e5 8. d5 Ne7 9. Ne1 Ne8 10. Be3 f5 11. f3 f4 12. Bf2 h5 13. Rc1 g5 14. c5 Rf7 15. Qb3 Ng6 16. Nd3 g4 17. cxd6 cxd6 18. Nb5 a6 19. Na7 Bd7 20. Qb6 Qg5 21. Qxb7 gxf3 22. Bxf3 Bg4 23. Kh1 Rxb7 24. Nc6 Nf6 25. Rc3 h4 26. h3 Bxf3 27. gxf3 Nh5 28. Rg1 Ng3+ 29. Bxg3 hxg3 30. b4 Qh4 31. Kg2 Qh5 0-1

[Event "Titled Tuesday intern op 28th Mar Late"]
[Site "Chess.com INT"]
[Date "2023.03.28"]
[Round "10"]
[White "Nunez Painchaud, Raphael"]
[Black "Fiorito, Joaquin"]
[Result "0-1"]
[WhiteElo "2087"]
[BlackElo "2348"]
[PlyCount "90"]
[EventDate "2023.03.28"]
[EventType "swiss (blitz)"]
[EventRounds "11"]
[EventCountry "USA"]
[SourceTitle "EXT 2024"]
[Source "ChessBase"]
[SourceDate "2023.10.10"]
[SourceVersion "1"]
[SourceVersionDate "2023.10.10"]
[SourceQuality "1"]

1. c4 Nf6 2. g3 e6 3. Bg2 d5 4. Nf3 dxc4 5. Qa4+ Nbd7 6. 0-0 a6 7. Qxc4 b5 8. Qc2 Bb7 9. Nc3 Be7 10. d4 0-0 11. Rd1 c5 12. Bg5 Rc8 13. Bxf6 Bxf6 14. d5 exd5 15. Nxd5 Bxd5 16. Rxd5 Qe7 17. Rad1 Nb6 18. Rd6 Qc7 19. e3 Rfd8 20. Rxd8+ Rxd8 21. b3 Rc8 22. h4 g6 23. h5 c4 24. Bh3 Rd8 25. Nd2 Qd6 26. Bg4 Qc7 27. bxc4 bxc4 28. hxg6 hxg6 29. Ne4 Rxd1+ 30. Bxd1 Bg7 31. Be2 c3 32. Bxa6 Nd5 33. a3 Qe5 34. Bc4 Nb6 35. Bb3 Qa5 36. Nd6 Nd5 37. Nxf7 Kxf7 38. e4 Qxa3 39. exd5 Qd6 40. Qe4 Be5 41. Kg2 Kg7 42. f4 Bf6 43. g4 Qb6 44. Qc4 Qe3 45. g5 Qd2+ 0-1

[Event "Titled Tuesday intern op 7th Mar Early"]
[Site "Chess.com INT"]
[Date "2023.03.07"]
[Round "6"]
[White "Gabdrakhmanov, Azat"]
[Black "Nunez Painchaud, Raphael"]
[Result "1-0"]
[WhiteElo "2319"]
[BlackElo "2087"]
[PlyCount "77"]
[EventDate "2023.03.07"]
[EventType "swiss (blitz)"]
[EventRounds "11"]
[EventCountry "USA"]
[SourceTitle "EXT 2024"]
[Source "ChessBase"]
[SourceDate "2023.10.10"]
[SourceVersion "1"]
[SourceVersionDate "2023.10.10"]
[SourceQuality "1"]

1. e4 c5 2. Nf3 d6 3. d4 cxd4 4. Nxd4 Nf6 5. Nc3 a6 6. Be3 e5 7. Nb3 Be6 8. Qd2 b5 9. 0-0-0 Nbd7 10. f4 b4 11. Nd5 Nxe4 12. Qxb4 exf4 13. Bb6 Nxb6 14. Nxb6 Nf2 15. Nxa8 Nxh1 16. Bxa6 Qxa8 17. Bb5+ Ke7 18. Rxh1 g6 19. Rd1 Bh6 20. Qxd6+ Kf6 21. Qd4+ Ke7 22. Qc5+ Kf6 23. Bc6 Qxa2 24. Qd4+ Ke7 25. Qd6+ Kf6 26. Qd4+ Ke7 27. Qc5+ Kf6 28. Qc3+ Ke7 29. Bf3 Rc8 30. Qb4+ Kf6 31. Qd4+ Ke7 32. Qd6+ Kf6 33. Qd4+ Ke7 34. Qb4+ Ke8 35. Rd3 Bxb3 36. Rxb3 Qa1+ 37. Kd2 Rd8+ 38. Rd3 Qg1 39. Bc6+ 1-0

[Event "Titled Tuesday intern op 7th Mar Early"]
[Site "Chess.com INT"]
[Date "2023.03.07"]
[Round "5"]
[White "Kohler, Aran"]
[Black "Nunez Painchaud, Raphael"]
[Result "0-1"]
[WhiteElo "2010"]
[BlackElo "2087"]
[PlyCount "120"]
[EventDate "2023.03.07"]
[EventType "swiss (blitz)"]
[EventRounds "11"]
[EventCountry "USA"]
[SourceTitle "EXT 2024"]
[Source "ChessBase"]
[SourceDate "2023.10.10"]
[SourceVersion "1"]
[SourceVersionDate "2023.10.10"]
[SourceQuality "1"]

1. Nf3 d5 2. d4 Nf6 3. Bg5 e6 4. Nbd2 Be7 5. e3 h6 6. Bh4 Nbd7 7. Bd3 c5 8. c3 0-0 9. Ne5 Ne8 10. Bxe7 Qxe7 11. f4 Nd6 12. Qh5 Nf6 13. Qh4 Nf5 14. Qf2 cxd4 15. exd4 Nd6 16. Qf3 b5 17. 0-0 Bb7 18. a4 a6 19. Qh3 Nfe4 20. Ndf3 Rfb8 21. axb5 axb5 22. g4 f6 23. Ng6 Qf7 24. Qh5 Bc6 25. Nfh4 Be8 26. f5 Ng5 27. Kh1 exf5 28. gxf5 Rxa1 29. Rxa1 b4 30. Re1 Nde4 31. c4 Nf2+ 32. Kg2 Nxd3 33. Re7 Nf4+ 34. Kf1 Nxh5 35. Rxf7 Bxf7 36. Ne7+ Kf8 37. Nc6 Rb6 38. cxd5 Bxd5 39. Na5 Rb5 40. Ng6+ Kf7 41. Nf4 Nxf4 42. h4 Rxa5 43. hxg5 hxg5 44. b3 Ra3 45. Ke1 Rxb3 46. Kd1 Rc3 47. Kd2 Ne6 48. Kd1 Nxd4 49. Kd2 Nxf5 50. Ke2 Ne7 51. Kf2 Be6 52. Kg2 f5 53. Kf2 g6 54. Ke2 g4 55. Kd2 f4 56. Ke2 g5 57. Kf2 Re3 58. Kf1 b3 59. Kg2 b2 60. Kh2 b1Q 0-1

[Event "Titled Tuesday intern op 7th Mar Late"]
[Site "Chess.com INT"]
[Date "2023.03.07"]
[Round "1"]
[White "Martynov, Pavel"]
[Black "Nunez Painchaud, Raphael"]
[Result "1-0"]
[WhiteElo "2414"]
[BlackElo "2087"]
[PlyCount "79"]
[EventDate "2023.03.07"]
[EventType "swiss (blitz)"]
[EventRounds "11"]
[EventCountry "USA"]
[SourceTitle "EXT 2024"]
[Source "ChessBase"]
[SourceDate "2023.10.10"]
[SourceVersion "1"]
[SourceVersionDate "2023.10.10"]
[SourceQuality "1"]

1. e4 c5 2. Nf3 d6 3. Bb5+ Nd7 4. 0-0 Ngf6 5. Re1 e6 6. c3 Be7 7. d4 0-0 8. h3 a6 9. Bf1 b5 10. a4 Rb8 11. axb5 axb5 12. Bf4 Rb6 13. Nbd2 Bb7 14. e5 Nd5 15. Bg3 cxd4 16. exd6 Bxd6 17. Bxd6 Rxd6 18. Nxd4 b4 19. Nb5 Rb6 20. Ne4 bxc3 21. bxc3 N7f6 22. c4 Nxe4 23. Rxe4 Nf6 24. Rd4 Qb8 25. c5 Ra6 26. Rb1 Be4 27. Rb3 Bd5 28. Rg3 Qe5 29. f4 Qh5 30. Qd3 Rc6 31. Qc3 Rb8 32. Rb4 Qh6 33. Nd4 Rxb4 34. Qxb4 Rc8 35. Nb5 Ne4 36. Nd6 Qxf4 37. Rf3 Qe5 38. Nxc8 Ng5 39. Rf2 h5 40. Qf4 1-0

[Event "Titled Tuesday intern op 7th Mar Early"]
[Site "Chess.com INT"]
[Date "2023.03.07"]
[Round "1"]
[White "Nunez Painchaud, Raphael"]
[Black "Cherniaiev, Tykhon"]
[Result "0-1"]
[WhiteElo "2087"]
[BlackElo "2330"]
[PlyCount "88"]
[EventDate "2023.03.07"]
[EventType "swiss (blitz)"]
[EventRounds "11"]
[EventCountry "USA"]
[SourceTitle "EXT 2024"]
[Source "ChessBase"]
[SourceDate "2023.10.10"]
[SourceVersion "1"]
[SourceVersionDate "2023.10.10"]
[SourceQuality "1"]

1. d4 Nf6 2. Nf3 e6 3. c4 d5 4. g3 Be7 5. Bg2 0-0 6. 0-0 dxc4 7. Qc2 a6 8. a4 Bd7 9. Qxc4 b5 10. Qc2 Bc6 11. Bf4 Bd6 12. Be5 Bxe5 13. dxe5 Be4 14. Qb3 Bd5 15. Qc2 Ne4 16. Rd1 Qe7 17. axb5 axb5 18. Rxa8 Bxa8 19. Nc3 Nxc3 20. Qxc3 Rd8 21. Rc1 Na6 22. Qa5 Bb7 23. Qxb5 Qb4 24. Qxb4 Nxb4 25. Rxc7 Ba6 26. Bf1 h6 27. Kg2 Rb8 28. e3 Bb7 29. Be2 Bd5 30. Rc3 Nc6 31. Rc2 Nxe5 32. h3 h5 33. Rd2 Bc6 34. g4 hxg4 35. hxg4 Nxg4 36. Kg3 Nf6 37. Ne5 Ne4+ 38. Kf4 Nxd2 39. Nxc6 Rxb2 40. Bd3 Nb3 41. f3 Nc5 42. Bc4 Kf8 43. Ne5 Rb4 44. Kg3 f6 0-1

[Event "Titled Tuesday intern op 7th Mar Late"]
[Site "Chess.com INT"]
[Date "2023.03.07"]
[Round "3"]
[White "Nunez Painchaud, Raphael"]
[Black "Marin, Sebastian"]
[Result "0-1"]
[WhiteElo "2087"]
[BlackElo "2269"]
[PlyCount "100"]
[EventDate "2023.03.07"]
[EventType "swiss (blitz)"]
[EventRounds "11"]
[EventCountry "USA"]
[SourceTitle "EXT 2024"]
[Source "ChessBase"]
[SourceDate "2023.10.10"]
[SourceVersion "1"]
[SourceVersionDate "2023.10.10"]
[SourceQuality "1"]

1. d4 Nf6 2. Nf3 e6 3. g3 b5 4. Bg2 Bb7 5. 0-0 c5 6. c3 d6 7. Re1 Qb6 8. Nbd2 Be7 9. e4 cxd4 10. Nxd4 0-0 11. Qe2 Nbd7 12. Qxb5 Qc7 13. Qe2 Nc5 14. b4 Na4 15. c4 Rfe8 16. Qd1 Nb6 17. Qb3 Rac8 18. Nb5 Qb8 19. Bb2 a6 20. Nd4 Qa8 21. Rac1 Nfd7 22. a4 a5 23. c5 dxc5 24. bxc5 Bxc5 25. Rxc5 Rxc5 26. Nb5 Rb8 27. Bd4 Rc6 28. Rb1 Nc5 29. Qa3 Nbxa4 30. Nc4 Rcc8 31. Bxc5 Nxc5 32. Nb6 Qa6 33. Nxc8 Rxc8 34. Nd4 Bxe4 35. Rc1 Bxg2 36. Kxg2 Qa8+ 37. Kg1 Ne4 38. Ne2 Rxc1+ 39. Nxc1 Nf6 40. Nd3 h6 41. Ne5 Nd5 42. Nc4 a4 43. Nb2 Nb6 44. h4 Qa7 45. Qc5 a3 46. Nc4 a2 47. Nxb6 a1Q+ 48. Kh2 Qf6 49. Qc8+ Kh7 50. Qc2+ Qg6 0-1

[Event "Titled Tuesday intern op 21st Feb Late"]
[Site "Chess.com INT"]
[Date "2023.02.21"]
[Round "5"]
[White "Averjanov, Alexey"]
[Black "Nunez Painchaud, Raphael"]
[Result "1-0"]
[WhiteElo "2399"]
[BlackElo "2087"]
[PlyCount "61"]
[EventDate "2023.02.21"]
[EventType "swiss (blitz)"]
[EventRounds "11"]
[EventCountry "USA"]
[SourceTitle "CBM 212 Extra"]
[Source "ChessBase"]
[SourceDate "2023.03.31"]
[SourceVersion "1"]
[SourceVersionDate "2023.03.31"]
[SourceQuality "1"]

1. d4 Nf6 2. c4 e6 3. Nf3 d5 4. e3 Be7 5. Nbd2 0-0 6. Bd3 a6 7. 0-0 c5 8. dxc5 Bxc5 9. a3 Nc6 10. b4 Ba7 11. Bb2 d4 12. exd4 Nxd4 13. c5 Nc6 14. Qe2 Bb8 15. Rad1 Nd5 16. Qe4 f5 17. Qc4 Qe8 18. Rfe1 Nf4 19. Ne5 Nxd3 20. Qxd3 Ne7 21. Ndc4 Nd5 22. Nd6 Qh5 23. Nec4 Bd7 24. Qg3 Qh6 25. Rxd5 f4 26. Qg4 exd5 27. Qxd7 dxc4 28. Re7 c3 29. Bxc3 f3 30. Rxg7+ Kh8 31. Rg6+ 1-0

[Event "Quebec op"]
[Site "Laval"]
[Date "2022.09.03"]
[Round "4"]
[White "Kapush, Oleksandr"]
[Black "Nunez Painchaud, Raphael"]
[Result "1/2-1/2"]
[WhiteElo "1731"]
[BlackElo "2091"]
[PlyCount "71"]
[EventDate "2022.09.01"]
[EventType "swiss"]
[EventRounds "9"]
[EventCountry "CAN"]
[SourceTitle "CBM 210 Extra"]
[Source "ChessBase"]
[SourceDate "2022.11.30"]
[SourceVersion "1"]
[SourceVersionDate "2022.11.30"]
[SourceQuality "1"]

1. e4 c5 2. c3 d5 3. exd5 Nf6 4. d4 cxd4 5. Qxd4 Qxd5 6. Qxd5 Nxd5 7. Bc4 Nb6 8. Bb3 N8d7 9. Nf3 e6 10. Bf4 Be7 11. Nbd2 Nc5 12. Bc2 0-0 13. 0-0-0 Nd5 14. Bg3 Rd8 15. Ne4 Nxe4 16. Bxe4 Nf6 17. Rxd8+ Bxd8 18. Rd1 Be7 19. Bc2 Bd7 20. Ne5 Be8 21. f3 Rc8 22. Bf2 a6 23. f4 g6 24. g3 Rd8 25. Rxd8 Bxd8 26. c4 h6 27. Kd2 Ba5+ 28. Kd3 Nd7 29. Nxd7 Bxd7 30. Kd4 Bb6+ 31. c5 Bc7 32. b4 Bc6 33. a4 f5 34. Kc4 Bd5+ 35. Kd4 Bc6 36. Kc4 1/2-1/2

[Event "Le Blanc et Noir Gp-A op"]
[Site "St Jean sur Richelieu"]
[Date "2020.01.18"]
[Round "2"]
[White "Nunez Painchaud, Raphael"]
[Black "Rodrigue Lemieux, Shawn"]
[Result "1/2-1/2"]
[WhiteElo "2106"]
[BlackElo "2253"]
[PlyCount "113"]
[EventDate "2020.01.17"]
[EventType "swiss"]
[EventRounds "5"]
[EventCountry "CAN"]
[SourceTitle "CBM 194 Extra"]
[Source "ChessBase"]
[SourceDate "2020.03.31"]
[SourceVersion "1"]
[SourceVersionDate "2020.03.31"]
[SourceQuality "1"]

1. c4 d6 2. d4 e5 3. Nf3 e4 4. Nfd2 Nf6 5. Nc3 Qe7 6. e3 g6 7. Nd5 Nxd5 8. cxd5 Bg7 9. h4 0-0 10. h5 h6 11. Qc2 Bf5 12. Be2 gxh5 13. f3 c6 14. fxe4 Bg6 15. Bxh5 Bh7 16. Qb3 cxd5 17. Qxd5 Nd7 18. Nc4 Bxe4 19. Qxd6 Qg5 20. Bf3 Bxf3 21. gxf3 Qg2 22. Qh2 Qxf3 23. Rg1 Qf6 24. Nd6 Rfe8 25. Nxe8 Rxe8 26. Kd1 Nb6 27. Bd2 Nc4 28. Rc1 Nxb2+ 29. Ke2 Qa6+ 30. Kf3 Re6 31. Rg4 Nd3 32. Qg3 Rg6 33. Rxg6 fxg6 34. Rc7 Qe6 35. Qg4 Qf6+ 36. Ke2 Qa6 37. Qc8+ Kh7 38. Qxb7 Nf4+ 39. Kd1 Qf1+ 40. Kc2 Qd3+ 41. Kc1 Ne6 42. Rf7 Qc4+ 43. Kd1 Qxa2 44. d5 Qa1+ 45. Ke2 Nd8 46. Qxa7 Nxf7 47. Qxf7 Qa6+ 48. Ke1 Qd3 49. Qe7 Qxd5 50. Bc3 Qg8 51. e4 Qf8 52. Qd7 Kg8 53. Bxg7 Qxg7 54. Qe8+ Kh7 55. e5 h5 56. e6 Qe5+ 57. Kf2 1/2-1/2

[Event "Le Blanc et Noir Gp-A op"]
[Site "St Jean sur Richelieu"]
[Date "2020.01.18"]
[Round "3"]
[White "Saha, Ananda"]
[Black "Nunez Painchaud, Raphael"]
[Result "1/2-1/2"]
[WhiteElo "2077"]
[BlackElo "2106"]
[PlyCount "34"]
[EventDate "2020.01.17"]
[EventType "swiss"]
[EventRounds "5"]
[EventCountry "CAN"]
[SourceTitle "CBM 194 Extra"]
[Source "ChessBase"]
[SourceDate "2020.03.31"]
[SourceVersion "1"]
[SourceVersionDate "2020.03.31"]
[SourceQuality "1"]

1. d4 Nf6 2. Nf3 e6 3. e3 d5 4. Bd3 Bd6 5. b3 b6 6. 0-0 Bb7 7. Bb2 Nbd7 8. Nbd2 0-0 9. c4 Ne4 10. Ne5 Bxe5 11. dxe5 Ndc5 12. Nxe4 dxe4 13. Be2 Qg5 14. Qc2 Rfd8 15. Rad1 Nd3 16. f4 Qg6 17. Rd2 Rd7 1/2-1/2

[Event "Montreal Noel op"]
[Site "Montreal"]
[Date "2019.12.26"]
[Round "1"]
[White "Nunez Painchaud, Raphael"]
[Black "Guipi Bopala, Prince Eric Jr"]
[Result "1-0"]
[WhiteElo "2106"]
[BlackElo "1651"]
[PlyCount "111"]
[EventDate "2019.12.26"]
[EventType "swiss"]
[EventRounds "5"]
[EventCountry "CAN"]
[SourceTitle "CBM 194 Extra"]
[Source "ChessBase"]
[SourceDate "2020.03.31"]
[SourceVersion "1"]
[SourceVersionDate "2020.03.31"]
[SourceQuality "1"]

1. d4 Nf6 2. Nf3 e6 3. c4 d5 4. g3 dxc4 5. Bg2 Nc6 6. Qa4 Nd7 7. Qxc4 Nb6 8. Qd3 Be7 9. 0-0 0-0 10. Nc3 Bf6 11. Rd1 e5 12. d5 Nd4 13. Ne4 Nxd5 14. Nxd4 exd4 15. Nxf6+ Nxf6 16. Qxd4 Qxd4 17. Rxd4 h6 18. Bf4 c6 19. Rad1 Be6 20. a3 Rfe8 21. Bf3 Bd5 22. Bxd5 Nxd5 23. e3 Re6 24. h4 Rae8 25. Kg2 f6 26. g4 Nxf4+ 27. Rxf4 g5 28. Rb4 Re4 29. Rxe4 Rxe4 30. Rd8+ Kf7 31. Kf3 Re7 32. h5 c5 33. Rh8 Kg7 34. Rc8 b6 35. a4 Kf7 36. Rh8 Kg7 37. Ra8 Kf7 38. b3 Kg7 39. Rd8 Kf7 40. Rc8 Kg7 41. a5 Kf7 42. a6 Kg7 43. Rb8 Kf7 44. Rb7 Kf8 45. Ke2 Kf7 46. Kd3 Ke6 47. Kc4 Kd6 48. Rxe7 Kxe7 49. Kd5 Kd7 50. f4 Kc7 51. f5 Kd7 52. e4 Kc7 53. e5 fxe5 54. Kxe5 Kd7 55. Kf6 b5 56. Ke5 1-0

[Event "Contrecoeur op 7th"]
[Site "Contrecoeur"]
[Date "2019.11.02"]
[Round "3"]
[White "Tanaka, Taira Tyler"]
[Black "Nunez Painchaud, Raphael"]
[Result "1/2-1/2"]
[WhiteElo "2123"]
[BlackElo "2050"]
[PlyCount "69"]
[EventDate "2019.11.01"]
[EventType "swiss"]
[EventRounds "5"]
[EventCountry "CAN"]
[SourceTitle "CBM 193 Extra"]
[Source "ChessBase"]
[SourceDate "2020.01.31"]
[SourceVersion "1"]
[SourceVersionDate "2020.01.31"]
[SourceQuality "1"]

1. e4 c5 2. Nf3 Nc6 3. Nc3 e5 4. Bc4 Be7 5. d3 d6 6. Nd2 Bg5 7. Nf1 Bxc1 8. Qxc1 Nge7 9. Ne3 0-0 10. 0-0 Ng6 11. Ned5 Be6 12. Qd2 Kh8 13. Rae1 Na5 14. a3 Nf4 15. Nxf4 Nxc4 16. dxc4 exf4 17. Qxf4 Bxc4 18. Ne2 Qe7 19. b3 Bxe2 20. Rxe2 d5 21. Rfe1 d4 22. e5 Rae8 23. e6 fxe6 24. Rxe6 Qd8 25. Qe4 Rxe6 26. Qxe6 h6 27. g3 Qf6 28. Qxf6 Rxf6 29. Re7 Rf3 30. Rxb7 a5 31. Rb5 Rc3 32. Rxa5 Rxc2 33. Ra8+ Kh7 34. Rd8 Rb2 35. b4 1/2-1/2

[Event "Montreal op"]
[Site "Montreal"]
[Date "2019.09.06"]
[Round "1"]
[White "Nunez Painchaud, Raphael"]
[Black "Masse, Hugues"]
[Result "1/2-1/2"]
[WhiteElo "1966"]
[BlackElo "2200"]
[PlyCount "44"]
[EventDate "2019.09.06"]
[EventType "swiss"]
[EventRounds "5"]
[EventCountry "CAN"]
[SourceTitle "EXT 2020"]
[Source "ChessBase"]
[SourceDate "2019.10.17"]
[SourceVersion "1"]
[SourceVersionDate "2019.10.17"]
[SourceQuality "1"]

1. Nf3 Nf6 2. g3 g6 3. c4 Bg7 4. Bg2 0-0 5. 0-0 d6 6. Nc3 Nc6 7. Rb1 a5 8. a3 e5 9. d3 Nd4 10. Bg5 h6 11. Bxf6 Bxf6 12. e3 Nxf3+ 13. Bxf3 c6 14. Bg4 Bxg4 15. Qxg4 Bg7 16. e4 h5 17. Qe2 Qc7 18. b4 axb4 19. axb4 Ra3 20. Qb2 Rfa8 21. Ra1 Rxa1 22. Rxa1 Rxa1+ 1/2-1/2

[Event "Quebec op"]
[Site "Longueuil"]
[Date "2019.07.23"]
[Round "5"]
[White "Nunez Painchaud, Raphael"]
[Black "Feoktistov, Dmitri"]
[Result "0-1"]
[WhiteElo "1962"]
[BlackElo "2139"]
[PlyCount "54"]
[EventDate "2019.07.20"]
[EventType "swiss"]
[EventRounds "9"]
[EventCountry "CAN"]
[SourceTitle "CBM 191 Extra"]
[Source "ChessBase"]
[SourceDate "2019.09.30"]
[SourceVersion "1"]
[SourceVersionDate "2019.09.30"]
[SourceQuality "1"]

1. d4 d5 2. c4 c6 3. Nf3 Nf6 4. g3 g6 5. Bg2 Bg7 6. 0-0 0-0 7. cxd5 Nxd5 8. Re1 Na6 9. e4 Nb6 10. b3 Bg4 11. Bb2 Qd7 12. Na3 Rfd8 13. e5 c5 14. Nc2 Rac8 15. Qe2 c4 16. bxc4 Nxc4 17. Ne3 Nxe3 18. Qxe3 Nb4 19. Qb3 Nc2 20. Ng5 Be6 21. Nxe6 Qxe6 22. d5 Qb6 23. Bh3 Rc5 24. Ba3 Qxb3 25. axb3 Rcxd5 26. Bxe7 Re8 27. Bg2 Rb5 0-1

[Event "Laval op"]
[Site "Laval"]
[Date "2019.06.23"]
[Round "5"]
[White "Nunez Painchaud, Raphael"]
[Black "Mercure, Gilbert"]
[Result "1-0"]
[WhiteElo "1962"]
[BlackElo "1795"]
[PlyCount "39"]
[EventDate "2019.06.21"]
[EventType "swiss"]
[EventRounds "5"]
[EventCountry "CAN"]
[SourceTitle "CBM 191 Extra"]
[Source "ChessBase"]
[SourceDate "2019.09.30"]
[SourceVersion "1"]
[SourceVersionDate "2019.09.30"]
[SourceQuality "1"]

1. d4 d5 2. c4 Nc6 3. Nf3 Bg4 4. Nc3 dxc4 5. d5 Bxf3 6. gxf3 Na5 7. Qa4+ c6 8. Bf4 e6 9. 0-0-0 Qb6 10. dxe6 fxe6 11. Bh3 Kf7 12. Rd7+ Be7 13. Bc7 Qxf2 14. Qxa5 Nf6 15. Rxe7+ Kxe7 16. Qe5 Kf7 17. Bxe6+ Kg6 18. Qf5+ Kh6 19. Bf4+ g5 20. Qxg5# 1-0

[Event "Laval op"]
[Site "Laval"]
[Date "2019.06.23"]
[Round "4"]
[White "Tanaka, Taira Tyler"]
[Black "Nunez Painchaud, Raphael"]
[Result "1-0"]
[WhiteElo "2109"]
[BlackElo "1962"]
[PlyCount "115"]
[EventDate "2019.06.21"]
[EventType "swiss"]
[EventRounds "5"]
[EventCountry "CAN"]
[SourceTitle "CBM 191 Extra"]
[Source "ChessBase"]
[SourceDate "2019.09.30"]
[SourceVersion "1"]
[SourceVersionDate "2019.09.30"]
[SourceQuality "1"]

1. Nf3 Nf6 2. g3 g6 3. Bg2 Bg7 4. 0-0 0-0 5. c4 c6 6. d3 d5 7. Nbd2 b6 8. Qc2 Bb7 9. b3 c5 10. Bb2 Nc6 11. Ne5 Nxe5 12. Bxe5 Qd7 13. Qb2 Rfd8 14. a3 Rac8 15. Rfb1 Ne8 16. Bxg7 Nxg7 17. b4 Ne6 18. bxc5 Rxc5 19. d4 Rc7 20. cxd5 Bxd5 21. e4 Bb7 22. d5 Nc5 23. Nf1 Ba6 24. Ne3 Na4 25. Qd2 f6 26. h4 Nc3 27. Rb4 Qd6 28. Re1 Rc5 29. Bf3 e5 30. Kg2 Nb5 31. h5 g5 32. Nf5 Qc7 33. Ne3 Nd6 34. Bg4 Bc8 35. Qe2 a5 36. Rb2 Nxe4 37. Bxc8 Qxc8 38. Rxb6 Nc3 39. Qf3 Nxd5 40. Nxd5 Rcxd5 41. Qxf6 e4 42. h6 Qc7 43. Rxe4 Rf8 44. Qe6+ Qf7 45. Rb7 Qxe6 46. Rg7+ Kh8 47. Rxe6 Rdf5 48. Ree7 Rxf2+ 49. Kh3 g4+ 50. Kxg4 Rg8 51. Rxg8+ Kxg8 52. Rg7+ Kf8 53. Rxh7 Rf6 54. Kg5 Rc6 55. g4 Kg8 56. Ra7 Rc5+ 57. Kg6 Rc6+ 58. Kh5 1-0

[Event "Laval op"]
[Site "Laval"]
[Date "2019.06.22"]
[Round "3"]
[White "Nunez Painchaud, Raphael"]
[Black "Chiku Ratte, Olivier Kenta"]
[Result "0-1"]
[WhiteElo "1962"]
[BlackElo "2364"]
[PlyCount "60"]
[EventDate "2019.06.21"]
[EventType "swiss"]
[EventRounds "5"]
[EventCountry "CAN"]
[SourceTitle "CBM 191 Extra"]
[Source "ChessBase"]
[SourceDate "2019.09.30"]
[SourceVersion "1"]
[SourceVersionDate "2019.09.30"]
[SourceQuality "1"]

1. d4 f5 2. c4 Nf6 3. Nf3 e6 4. Bf4 Be7 5. h3 0-0 6. e3 Ne4 7. Bd3 b6 8. Bxe4 fxe4 9. Nfd2 d5 10. 0-0 Nc6 11. a3 Nxd4 12. Bh2 Nf5 13. cxd5 exd5 14. Qb3 Kh8 15. Rd1 Be6 16. Qc2 Bd6 17. Bxd6 Nxd6 18. Nc3 Qg5 19. Nf1 Bxh3 20. Ng3 Be6 21. Nce2 c5 22. Nf4 Bg8 23. Rd2 Nc4 24. Re2 Ne5 25. Rd1 Ng4 26. Nxe4 dxe4 27. Qxe4 Rae8 28. Qf3 Qh4 29. Red2 Qh2+ 30. Kf1 Bc4+ 0-1